Funny U.S. Cities - Sudden Death - Statistics

General Stats
  • This quiz has been taken 247 times
  • The average score is 4 of 24
Answers on the Grid
Answers color-coded by a green-red scale on the quiz's grid according to % correct below.
Okay, Oklahoma
Climax, Michigan
Rough and Ready, California
Dag-Nabbit, Montana
Uncertain, Texas
Toad Suck, Arkansas
Whippersnapper, Michigan
Weird, Nevada
Booger Hole, West Virginia
Slaughterville, Oklahoma
Breakaleg, Nebraska
Slickpoo, Idaho
Intercourse, Pennsylvania
Constipation, Colorado
Ketchuptown, South Carolina
Grassy Butte, North Dakota
Tightsqueeze, Virginia
Saywhat, Wyoming
Willa-May-Hee, New York
Cut and Shoot, Texas
French Lick, Indiana
Braintree, Vermont
Kweef, North Dakota
Yah-Ta-Hey, New Mexico
Purgatory, Connecticut
Beer Bottle Crossing, Idaho
Klickitat, Washington
Yeehaw Junction, Florida
Viciousville, South Dakota
Chicken, Alaska
Dinosaur, Colorado
Mediocre Mel, Missouri
Catfish Paradise, Arizona
Handsome Eddy, New York
Shiver-Me-Timbers, Maine
Loveladies, New Jersey
 
Answer Stats
Answer % Correct
Okay, Oklahoma
48%
Climax, Michigan
41%
Intercourse, Pennsylvania
35%
French Lick, Indiana
25%
Rough and Ready, California
23%
Toad Suck, Arkansas
20%
Uncertain, Texas
19%
Braintree, Vermont
16%
Booger Hole, West Virginia
15%
Dinosaur, Colorado
15%
Slaughterville, Oklahoma
13%
Chicken, Alaska
12%
Klickitat, Washington
12%
Loveladies, New Jersey
12%
Catfish Paradise, Arizona
11%
Grassy Butte, North Dakota
11%
Cut and Shoot, Texas
10%
Handsome Eddy, New York
9%
Slickpoo, Idaho
9%
Beer Bottle Crossing, Idaho
8%
Ketchuptown, South Carolina
7%
Yeehaw Junction, Florida
7%
Tightsqueeze, Virginia
5%
Yah-Ta-Hey, New Mexico
4%
No matching quizzes found
Score Distribution
Percent of People with Each Score
Percentile by Number Answered
Your Score History
You have not taken this quiz